000 00413nam a22001577a 4500
999 _c330031
_d330031
003 NUST
005 20170606115405.0
008 170602b xxu||||| |||| 00| 0 eng d
020 _a9780276421440
040 _c.
082 _a428.24
_bRIG 2013
100 _aElison,John
_91958
245 _aThe Right Word For Right Time /
_cJohn Elison ,
_bA Guide to the English Language and how to use it
260 _aLondon,
_bReader's Digest,
_c2013.
300 _a688 p. ;
_c24 cm.
942 _2ddc
_cBK